Taylor Swift - Paroles The Prophecy - Statistiques

Statistiques générales
  • Ce quiz a été pris 121 fois
    82 depuis la dernière actualisation
  • Le résultat moyen est 291 sur 350
Statistiques - réponses
Hint Réponse % Correct
I
100%
my
100%
prophecy
100%
prophecy?
100%
the
100%
be
98%
been
98%
Change
98%
change
98%
do
98%
I've
98%
knees
98%
Oh,
98%
oh)
98%
on
98%
Refrain Please
98%
(Please)
98%
it
96%
me
96%
to
96%
To
96%
who
96%
Who
96%
a
94%
A
94%
Don't
94%
Just
94%
just
94%
Let
94%
so
94%
someone
94%
when
94%
company
92%
have
92%
money
92%
want
92%
wants
92%
but
91%
But
91%
an
89%
And
89%
and
89%
in
89%
in,
89%
once
89%
speak
89%
they
89%
woman
89%
if
87%
beg
85%
can
85%
greater
85%
Couplet 1 | Outro Hand
85%
hand
85%
like
85%
said
85%
last
83%
lost
83%
redo
83%
sky
83%
was
83%
at
81%
Eve
81%
it's
81%
look
81%
wouldn't
81%
looked
79%
of
79%
again
77%
gone
77%
got
77%
moon
77%
wolf
77%
About
75%
I'm
75%
bitten
74%
okay
74%
bottle
72%
even
72%
howl
72%
ink
72%
pen
72%
tell
72%
faith
70%
infant
70%
made
70%
statues
70%
afraid
68%
caught
68%
hope
68%
lightning
68%
No
68%
very
68%
will
68%
cursed
66%
drops
66%
get
66%
wait
66%
crumble
64%
has
64%
punishment?
64%
throttle
64%
it'll
62%
shades
62%
table
62%
they're
62%
Thought
62%
unstable
62%
would've
62%
written
62%
coin
60%
cool
60%
fate
60%
guess
60%
home
60%
Spending
60%
around
58%
Feeling
58%
is
58%
sign
58%
stays
58%
sealed
57%
sinking
55%
(Sinking
55%
soulmates
55%
sound
55%
paperweight
53%
dream
51%
lesser
51%
Couplet 2 Cards
49%
him
49%
still
49%
Gathered
47%
out
47%
greige
45%
fools
42%
fable
40%
play
40%
Slow
38%
sorceress'
38%
Mine
36%
Pad
36%
quicksand
32%
with
32%
from
28%
'round
28%
blood
25%
pricked
25%
wound
23%
Poison
19%
coven
13%
Aucun quiz correspondant
Distribution des résultats
% des personnes avec chaque résultat
Percentile par nombre de réponses
Votre historique - résultats
Vous n’avez pas pris ce quiz depuis la dernière actualisation